000
00284nam a22001337a 4500
008
211020b ||||| |||| 00| 0 eng d
041
_a
eng
080
_a
521
082
_a
521
100
_a
42
101
_a
AST
245
_a
Asimov's Guide to Science
_c
Asimow,I
942
_2
udc
_c
BK
999
_c
58311
_d
58311